Statistics for 海南环岛高铁所有客运车站 Hainan Island High Speed Railway stations

Click here to take the quiz!

General Stats

  • This quiz has been taken 64 times
  • The average score is 15 of 26

Answer Stats

县市车站% Correct
海口市海口
98%
三亚市三亚
97%
东方市东方
92%
万宁市万宁
87%
琼海市琼海
85%
文昌市文昌
84%
陵水黎族自治县陵水
82%
海口市海口东
77%
海口市美兰
77%
临高县临高南
74%
乐东黎族自治县乐东
66%
琼海市博鳌
65%
三亚市凤凰机场
63%
三亚市崖州
55%
三亚市亚龙湾
47%
澄迈县老城镇
45%
儋州市白马井
42%
昌江黎族自治县棋子湾
39%
万宁市神州
37%
东方市金月湾
35%
乐东黎族自治县黄流
34%
乐东黎族自治县尖峰
32%
儋州市海头
29%
澄迈县福山镇
29%
海口市秀英
29%
儋州市银滩
24%

Score Distribution

Percentile by Number Answered

Percent of People with Each Score

Your Score History

You have not taken this quiz